000 00974cam a2200217 4500
001 ##L135388
008 061023n2006 000 0 eng u
035 _a(Sirsi) u135388
041 0 _aeng
050 0 4 _a526.99 $2 18
110 2 _aFederation Internationale des Geometres
_95065
245 0 0 _aFIG guide on development of a vertical reference surface for hydrography
260 _aFredericksberg
_bFIG
_c2006
490 0 _aFIG Publication
_v37
520 _aThis guide is designed to be a resource for those who wish to develop a model of the separation between vertical surfaces relevant to hydrography. Provides an overview and definitions and covers the definition/creation of a transformational model, surveying without directly measuring tides and includes four case studies.
590 _aIKA311006
651 4 _aInternational
690 _aHydrography
_96245
856 4 0 _uhttps://www.fig.net
_zView the guide free of charge at www.fig.net...
942 _n0
999 _c106035
_d106035